Angel - Madonna (All Lyrics) - Statistics

General Stats
  • This quiz has been taken 13 times
  • The average score is 208 of 241
Answer Stats
Answer % Correct
a
100%
an
100%
angel
100%
angel,
100%
can
100%
I
100%
in
100%
must
100%
see
100%
the
100%
The
100%
you
100%
You
100%
your
100%
you're
100%
You're
100%
you'rre
100%
am
86%
And
86%
and
86%
baby
86%
be
86%
can't
86%
come
86%
down
86%
Every
86%
eyes
86%
hear
86%
heart
86%
it
86%
just
86%
Just
86%
my
86%
of
86%
on
86%
that
86%
that's
86%
time
86%
to
86%
Why
86%
why
86%
are
71%
around
71%
avenue
71%
believe
71%
by
71%
crowded
71%
disappear
71%
disappears
71%
faces
71%
Full
71%
near
71%
next
71%
nothing
71%
now
71%
Now
71%
only
71%
Ooh,
71%
realize
71%
standing
71%
surprise
71%
wonder
71%
came
57%
cloud
57%
coincidence
57%
disguise
57%
dreams
57%
is
57%
makes
57%
sadness
57%
seem
57%
This
57%
this
57%
traffic
57%
true
57%
Walking
57%
way
57%
when
57%
like
43%
rushing
43%
sense
43%
wished
43%
'Cause
29%
Clouds
29%
for
29%
pounding
29%
Other
14%
No matching quizzes found
Score Distribution
Percent of People with Each Score
Percentile by Number Answered
Your Score History
You have not taken this quiz